000
00288nam a2200097Ia 4500
005
20250424112920.0
008
250424s9999 xx 000 0 und d
300
_a
viii, 473n p. :ill. ; 30 cm.
650
_a
Computer networks--Security measures. Cyberspace--Security measures.
942
_c
SR
999
_c
37856
_d
37856